000
00280nam a2200109Ia 4500
001
587529
005
20250717113817.0
008
250717s9999 xx 000 0 und d
245
0
_a
X-11 İLK BÖCEKLER KİTABIM
_c
CATHERINE D. HUGHES
260
_b
BETA YAYINLARI
_c
2020
300
_b
75
999
_c
587529
_d
587529